000 00535nam a2200181Ia 4500
005 20250508161619.0
008 008 250505s9999 xx 000 0 eng d
037 _aTextual
040 _aFEDL
_beng
_cFEDL
041 _aeng
_2eng
084 _a378, ABE
_qFEDL
100 _aAbeles Elvin
_9771055
245 0 _aStudent and the university: A background book on the campus revolt
260 _aNew York, USA
_bParents' Magazine Press
_c1969
300 _ax,246p.
942 _cTEXL
_h378, ABE
999 _c1371133
_d1371133